000 01059nam a2200289 a 4500
001 14214
003 BD-RjUL
005 20211208235605.0
008 170606s1982 enka b 001 0 eng d
020 _a0582606144 (v. 1) :
035 _a(BD-RjUL)14266
040 _aDLC
_cDLC
_dDLC
_dBD-RjUL
_beng
041 _aeng
082 0 0 _223
_a632
_bHIP 1982
100 1 _aHill, Dennis S.,
_d1934-
_938588
245 1 0 _aPests and diseases of tropical crops /
_cD.S. Hill, J.M. Waller.
_pprinciples and methods of control
260 _aLondon ;
_aNew York :
_bLongman,
_c1982.
300 _av. :
_bill. ;
_c22 cm.
504 _aIncludes bibliographies and index.
505 1 _avol. 1. Principles and methods of control -- v. 2.Handbook of pest and diseases.
650 0 _aTropical crops
_xDiseases and pests.
_944395
650 0 _aTropical crops
_xDiseases and pests
_xControl.
_944396
700 1 _aWaller, J. M.
_944397
830 _aIntermediate tropical agriculture series
_9218087
942 _2ddc
_cBK
999 _c14214
_d14214